| 000 | 00435nam a2200169 a 4500 | ||
|---|---|---|---|
| 005 | 20140310183147.0 | ||
| 008 | 020826s19uu xx 00 eng d | ||
| 020 | _a0671473905 | ||
| 050 |
_aPZ 7 _b.B368 1984 |
||
| 100 | _aBear, Greg | ||
| 245 |
_aCorona : _ba star trek novel / _cGreg Bear. |
||
| 260 |
_aNew York ; _bPocket Books, _c1984. |
||
| 300 |
_a192 p. : _c17 cm. |
||
| 650 | _aFiction | ||
| 942 |
_cBK _2lcc |
||
| 999 |
_c19577 _d19577 |
||